Name the Battle - Statistics

General Stats
  • This quiz has been taken 30 times
  • The average score is 9 of 23
Answer Stats
Hint Answer % Correct
Napoleon vs. Wellington Waterloo
100%
Nelson vs. Villeneuve Trafalgar
78%
Lee vs. Meade Gettysburg
70%
Zhukov vs. von Paulus Stalingrad
70%
Harold vs. William Hastings
56%
Henry V vs. d'Albret Agincourt
52%
Nagumo vs. Spruance Midway
48%
Leonidas vs. Xerxes Thermopylae
48%
Hannibal vs. Varo Cannae
44%
Napoleon Vs. Kutuzov Austerlitz
41%
Scipio vs. Hannibal Zama
41%
Augustus vs. Antony Actium
37%
Burgoyne vs. Gates Saratoga
37%
Nagumo vs. Kimmel Pearl Harbor
30%
Westmoreland vs. Thai Tet
30%
Montgomery vs. Rommel El Alamein
26%
Alexander vs. Darius Gaugamela
26%
Prescott vs. Howe Bunker Hill
22%
Giap vs. de Castries Dien Bien Phu
22%
MacArthur vs. Kim Inchon
22%
Grant vs. Johnston Shiloh
19%
Scott vs. Santa Anna Chapultepec
11%
Hermann vs. Varus Teutoburg Forest
11%
No matching quizzes found
Score Distribution
Percent of People with Each Score
Percentile by Number Answered
Your Score History
You have not taken this quiz